000 00428cam a2200181 4500
001 D13864
008 090401t1965 xxu||||| |||| 00| 0 eng d
035 _a(Sirsi) u12107
041 _aeng
100 _aSeward, Guy
245 _aRent Act 1965
260 _aLondon
_bThe Rating and Valuation Association
_c1965
350 _a0
520 _aShelf 135
700 _aStewart-Smith, W.R.
942 _n0
948 _c04/03/1997
999 _c86951
_d86951